Contabilidad: fundamentos y usos

Uloženo v:
Podrobná bibliografie
Hlavní autor: Irarrázabal Covarrubias, Aníbal (Autor)
Médium: Kniha
Jazyk:španělština
Vydáno: Santiago Universidad Católica de Chile 2000
Vydání:3a. ed
Edice:Lecciones
Témata:
Tagy: Přidat tag
Žádné tagy, Buďte první, kdo vytvoří štítek k tomuto záznamu!

MARC

LEADER 00000nam a2200000 a 4500
001 UCN5197
003 CL-VaPUC
008 010824e20000000CL |||||||||||||||||spa|d
082 0 4 |a 657  |b IRA  |2 21 
100 |a Irarrázabal Covarrubias, Aníbal  |e author  |9 530317 
245 1 0 |a Contabilidad: fundamentos y usos 
250 |a 3a. ed 
300 |a 523 p 
942 |c BK 
945 |d 20010824 00:00:00  |a vberengu 
260 |a Santiago  |b Universidad Católica de Chile  |c 2000 
650 0 |a Contabilidad   |9 261430 
650 7 |a ESTADOS FINANCIEROS  |2 CL-VaPUC  |9 461217 
650 7 |a TRANSACCIONES  |2 CL-VaPUC  |9 375998 
650 0 |a Balances  |9 356958 
650 7 |a LEGISLACION TRIBUTARIA  |2 CL-VaPUC  |9 461218 
650 0 |a Inversiones  |9 345867 
650 0 |a Costos   |9 261063 
650 0 |a Control presupuestario  |9 345693 
583 |a last modification  |c 20140724 12:09:57  |k Rodrigo Vera 
490 0 |a Lecciones 
999 |c 296854  |d 296852 
952 |0 0  |1 0  |4 0  |6 657_000000000000000_IRA_2000  |7 0  |8 R  |9 351106  |a BIBENE  |b BIBENE  |d 2019-11-21  |i 3751570  |l 3  |o 657 IRA 2000  |p 3751570  |r 2025-01-15  |s 2023-06-28  |w 2019-11-21  |y BK_R  |k ICO 
952 |0 0  |1 0  |4 0  |6 657_000000000000000_IRA_2000  |7 0  |8 R  |9 351107  |a BIBENE  |b BIBENE  |d 2019-11-21  |i 3751589  |l 4  |o 657 IRA 2000  |p 3751589  |r 2025-01-15  |s 2024-03-26  |w 2019-11-21  |y BK_R  |k ICO 
952 |0 0  |1 0  |4 0  |6 657_000000000000000_IRA_2000  |7 0  |8 R  |9 351108  |a BIBENE  |b BIBENE  |d 2019-11-21  |i 3751597  |l 3  |o 657 IRA 2000  |p 3751597  |r 2025-01-15  |s 2023-03-30  |w 2019-11-21  |y BK_R  |k ICO 
952 |0 0  |1 0  |4 0  |6 657_000000000000000_IRA_2000  |7 0  |8 R  |9 351109  |a BIBENE  |b BIBENE  |d 2019-11-21  |i 3751600  |l 2  |o 657 IRA 2000  |p 3751600  |r 2025-01-15  |s 2023-04-05  |w 2019-11-21  |y BK_R  |k ICO